| 000 | 00408 a2200145 4500 | ||
|---|---|---|---|
| 001 | 170209 | ||
| 020 | _a | ||
| 040 | _cMagnum | ||
| 100 | _aScoz, Beatriz Judith Lima Et Al. | ||
| 240 | 1 | 0 |
_aPsicopedagogia e realidade escolar: o problema escolar e de aprendizag _lpor |
| 245 | 1 | 0 | _aPsicopedagogia e realidade escolar: o problema escolar e de aprendizag |
| 362 | 0 | _a1899 | |
| 697 | _aENSINO | ||
| 942 | _cBK | ||
| 999 |
_c170209 _d170209 |
||